| 000 | 00303nam a2200109Ia 4500 | ||
|---|---|---|---|
| 008 | 230907s9999||||xx |||||||||||||| ||und|| | ||
| 082 |
_a150.198 _bBON |
||
| 245 | 0 | _aPositive psychology in a nutshell : | |
| 260 |
_aOpen University Press,; McGraw-Hill, _bEngland : _c2012 |
||
| 300 | _a202 p. | ||
| 942 | _cBK | ||
| 999 |
_c601083 _d601083 |
||